000 00611nam a2200205Ia 4500
005 20260114185853.0
008 008 260114s9999 xx 000 0 eng d
020 _a9781509966783
037 _aEBOOK
040 _aCRL
_beng
_cCRL
041 _aeng
_2eng
084 _qCRL
100 _aGeorge A Papaconstantinou
_9875435
245 0 _aFinancial Market Infrastructure and Economic Integration
260 _bBloomsbury
_c2024
650 _aLaw
_9875436
856 _uhttps://doi.org/10.5040/9781509966783?locatt=label:secondary_bloomsburyCollections
942 _cEBOOK
999 _c1474368
_d1474368